|
|
|
|
| LEADER |
00000nam0a2200000 4500 |
| 001 |
250478 |
| 005 |
20231101232551.0 |
| 010 |
|
|
|a 9785160091440
|
| 035 |
|
|
|a (RuTPU)RU\TPU\book\272681
|
| 090 |
|
|
|a 250478
|
| 100 |
|
|
|a 20140213d2014 m y0rusy50 ca
|
| 101 |
0 |
|
|a rus
|
| 102 |
|
|
|a RU
|
| 105 |
|
|
|a a j 000zy
|
| 200 |
1 |
|
|a Бухгалтерский учет и анализ
|e учебное пособие для вузов
|f под ред. Ю. И. Сигидова, М. С. Рыбянцевой
|
| 210 |
|
|
|a Москва
|c Инфра-М
|d 2014
|
| 215 |
|
|
|a 336 с.
|c ил.
|
| 225 |
1 |
|
|a Высшее образование. Бакалавриат
|
| 330 |
|
|
|a В учебном пособии изложены важнейшие аспекты учета и анализа активов, обязательств и капитала организации. Представленный материал состоит из двух частей. В первой части излагаются понятие, задачи и функции бухгалтерского учета, нормативное регулирование бухгалтерского учета в Российской Федерации, этические требования, предъявляемые к бухгалтеру; описаны предмет и метод бухгалтерского учета, виды и строение бухгалтерских счетов и правила формирования корреспонденции счетов; рассмотрены организационно-методические основы экономического анализа.Во второй части описаны методики учета и анализа активов, обязательств и капитала организации — основных средств, нематериальных активов, материально-производственных запасов, расчетов с персоналом по оплате труда, затрат на производство и реализацию продукции (работ, услуг) и др. Уделено внимание основам формирования бухгалтерской отчетности, а также информационным возможностям анализа бухгалтерской (финансовой) отчетности компании.Для студентов и преподавателей российских вузов, бухгалтеров, финансистов, менеджеров.
|
| 606 |
1 |
|
|a Бухгалтерский учет
|2 stltpush
|3 (RuTPU)RU\TPU\subj\30744
|9 53805
|
| 610 |
1 |
|
|a методология
|
| 610 |
1 |
|
|a нормативное регулирование
|
| 610 |
1 |
|
|a федеральные законы
|
| 610 |
1 |
|
|a бухгалтера
|
| 610 |
1 |
|
|a этика
|
| 610 |
1 |
|
|a предмет
|
| 610 |
1 |
|
|a методы
|
| 610 |
1 |
|
|a бухгалтерские счета
|
| 610 |
1 |
|
|a двойная запись
|
| 610 |
1 |
|
|a экономический анализ
|
| 610 |
1 |
|
|a активы
|
| 610 |
1 |
|
|a обязательства
|
| 610 |
1 |
|
|a капитал
|
| 610 |
1 |
|
|a основные средства
|
| 610 |
1 |
|
|a нематериальные активы
|
| 610 |
1 |
|
|a затраты
|
| 610 |
1 |
|
|a реализация
|
| 610 |
1 |
|
|a продукция
|
| 610 |
1 |
|
|a запасы
|
| 610 |
1 |
|
|a трудовые ресурсы
|
| 610 |
1 |
|
|a оплата труда
|
| 610 |
1 |
|
|a финансовые вложения
|
| 610 |
1 |
|
|a ликвидность
|
| 610 |
1 |
|
|a денежные средства
|
| 610 |
1 |
|
|a финансовые результаты
|
| 610 |
1 |
|
|a собственный капитал
|
| 610 |
1 |
|
|a заемный капитал
|
| 610 |
1 |
|
|a дебиторская задолженность
|
| 610 |
1 |
|
|a кредиторская задолженность
|
| 610 |
1 |
|
|a финансовое состояние
|
| 610 |
1 |
|
|a финансовая отчетность
|
| 610 |
1 |
|
|a информационные технологии
|
| 610 |
1 |
|
|a учебные пособия
|
| 675 |
|
|
|a 657.22(075.8)
|v 3
|
| 702 |
|
1 |
|a Сигидов
|b Ю. И.
|4 340
|
| 702 |
|
1 |
|a Рыбянцева
|b М. С.
|4 340
|
| 801 |
|
1 |
|a RU
|b 63413507
|c 20140213
|
| 801 |
|
2 |
|a RU
|b 63413507
|c 20150706
|g RCR
|
| 900 |
|
|
|a Бухгалтерский учет
|
| 900 |
|
|
|a Финансовый анализ
|
| 942 |
|
|
|c BK
|
| 954 |
|
|
|b 080100
|b 080200
|l 8.1
|
| 959 |
|
|
|a 25/20140213
|d 2
|e 469,90
|f ЧЗГЛ:1
|f АНЛ:1
|